Planirovanije, techničeskij progress, effektivnost'

Na minha lista:
Detalhes bibliográficos
Formato: Livro
Idioma:russo
Publicado em: Moskva Ekonomika 1985
Tags: Adicionar Tag
Sem tags, seja o primeiro a adicionar uma tag!

MARC

LEADER 00000nam a2200000 4500
001 c110960
005 20230120081954.2
041 0 |a rus 
044 |a RU 
245 1 0 |a Planirovanije, techničeskij progress, effektivnost' 
264 1 |a Moskva  |b Ekonomika  |c 1985 
300 |a 254 s.